Cooperative Multi-Depot Vehicle Routing Problem

Predpokladá sa, že vlastníci jednotlivých skladov (hráčov) by mohli spolupracovať navzájom v koalícii s cieľom dosiahnuť úspory nákladov na dopravu ako aj úspory pri vzájomnom používaní vozidiel. Táto spolupráca umožňuje zdieľať zákaznícke služby a týmto spôsobom by mohla priniesť výhody zo zlúčenia...

Description complète

Enregistré dans:
Détails bibliographiques
Auteur principal: Čičková, Zuzana, 1978-
Autres auteurs: Figurová, Dana
Format: Chapitre de livre
Langue:anglais
Sujets:
Tags: Ajouter un tag
Pas de tags, Soyez le premier à ajouter un tag!

MARC

LEADER 00000naa$a2200000$$$4500
001 0248061
005 20240502083704.1
041 0 |a eng 
044 |a CZ 
245 1 0 |a Cooperative Multi-Depot Vehicle Routing Problem  |c Zuzana Čičková, Dana Figurová 
520 |a Predpokladá sa, že vlastníci jednotlivých skladov (hráčov) by mohli spolupracovať navzájom v koalícii s cieľom dosiahnuť úspory nákladov na dopravu ako aj úspory pri vzájomnom používaní vozidiel. Táto spolupráca umožňuje zdieľať zákaznícke služby a týmto spôsobom by mohla priniesť výhody zo zlúčenia dopravných požiadaviek jednotlivých hráčov. Teória kooperatívnych hier skúma pozitívne účinky vytvorenia koalície založenej na záväzných dohodách. Nový prezentovaný model je založený na probléme smerovania vozidiel do viacerých depotov. 
610 2 0 |a reťazce dodávateľsko-odberateľské 
610 2 0 |a doprava 
610 2 0 |a logistika 
610 2 0 |a logistika distribučná 
610 2 0 |a sklady 
610 2 0 |a spolupráca podnikov 
100 1 |a Čičková, Zuzana, 1978- 
700 1 |a Figurová, Dana